| 000 | 00639nam a2200205 4500 | ||
|---|---|---|---|
| 001 | 148330 | ||
| 003 | ES-MaACL | ||
| 005 | 20230906202548.0 | ||
| 007 | t| | ||
| 008 | 070214s1949 sp r ||||1| ger d | ||
| 100 | 1 |
_aStoy, W. _9108348 |
|
| 245 | 1 | 0 |
_aHolzminden / _cProf. Dr. Ing. Stoy, Dr. Ing. Fonrobert. |
| 250 | _a5ª ed. alemana. | ||
| 260 |
_aBilbao : _bBalzola, _c1949 ( _eMadrid : _fVeritas) |
||
| 300 |
_a85 p. : _bil. ; _c21 cm. |
||
| 500 | _aTít. en castellano: Construcciones de madera clavada. | ||
| 700 | 1 |
_aFonrobert. _951508 |
|
| 740 | 0 | _aConstrucciones de madera clavada. | |
| 852 |
_aES-MaACL _j1918-F-5 _bR.30032 |
||
| 999 |
_c148330 _d148330 |
||